000 00661nam a2200217Ii 4500
001 1514
003 CO-ViMGA
008 241108s9999||||xx |||||||||||||| ||und||
020 _a8427219229
040 _aCO-ViMGA
_bspa
_erda
_cCO-ViMGA
041 0 _aspa
082 0 4 _aR 750.9 M31m
100 1 _aLucy Micklethwait
_949670
245 1 0 _aMi primer libro de arte :
_bfamosas pinturas, primeras palabras
264 1 _a[Lugar de publicación no identificado] : Molino, 1999
300 _avolumen
336 _atext
_btxt
_2rdacontent
337 _aunmediated
_bn
_2rdamedia
338 _avolume
_bnc
_2rdacarrier
940 _aidficha_siabuc: 1483. -- ficha_no_siabuc:1514
999 _c44347
_d44347